00398 2200169 4500245004500000020001800045250001100063100001900074700001600093650001300109005001900122260003100141041001400172084000800186300002500194336000900219 aManajemen AsuransicHerman DarmawihText a979-526-481-8 aCet. 2 aHerman Darmawi aEstu Rahayu aAsuransi a20230329124842 aJakartabBumi Aksarac2001 aIndonesia a368 a252 hlm. :c20.5 cm. atext